| 000 | 00369nam a2200133Ia 4500 | ||
|---|---|---|---|
| 008 | 240624s9999 xx 000 0 und d | ||
| 041 | _aeng | ||
| 082 | _a332.1 KET | ||
| 100 | _aKETTELL BRIAN | ||
| 245 | _aISLAMIC BANKING AND FINANCE WORKBOOK STE | ||
| 260 |
_c2011 _aUnited Kingdom _bWiley (John Wiley & Sons) |
||
| 300 | _axii, : 137 : p. : cm. ; 24 | ||
| 365 |
_c _b28 |
||
| 999 |
_c23252 _d23252 |
||